Načítá se...
Ophthalmology Principles and concepts /
| Hlavní autor: | |
|---|---|
| Jazyk: | Undetermined |
| Vydáno: |
1969.
|
| Vydání: | 2nd ed. |
| LEADER | 00407nam a2200133Ia 4500 | ||
|---|---|---|---|
| 001 | 29629 | ||
| 008 | 170722s9999 xx 000 0 und d | ||
| 100 | |a Newwell, Frank W. | ||
| 245 | |a Ophthalmology |b Principles and concepts / | ||
| 250 | |a 2nd ed. | ||
| 260 | |c 1969. | ||
| 942 | |c GEN | ||
| 999 | |c 76456 |d 76456 | ||
| 952 | |0 0 |1 0 |4 0 |6 L_1854_K9 |7 0 |8 CR |9 108072 |a LIB |b LIB |d 2017-08-12 |h CR |o L185:4 K9 |p 129843 |r 2017-08-12 |w 2017-08-12 |y GEN | ||